000 00707cab a2200205 4500
001 ABS43223
008 090401t1990 xxu||||| |||| 00| 0 eng d
035 _a(Sirsi) u40897
041 _aeng
100 _aLewis, H.
245 _aWhat is rent?
260 _c1990
350 _a0
490 _aNew Law Journal
_v140(6467) 3 August 1990, 1119-1120(2)
520 _aIn the light of Bostock v Bryant 1990 , the article reviews the meaning of tenancy and licence , what constitutes rent and the effect of this on the type of tenancy.
650 _aPROTECTED TENANCY
690 _aPROPERTY-RESIDENTIAL PROPERTY-RESIDENTIAL LANDLORD AND TENANT-RESIDENTIAL TENANCIES
942 _n0
948 _c04/03/1997
999 _c26221
_d26221